书目信息 |
| 题名: |
大学英语六级最新题型应试亮剑
|
|
| 作者: | 黄贵 , 王玉芳 , 黄川 主编 | |
| 分册: | 写作 | |
| 出版信息: | 上海 上海交通大学出版社 2006.12 |
|
| 页数: | 194页 | |
| 开本: | 26cm | |
| 丛书名: | ||
| 单 册: | ||
| 中图分类: | H310.42 | |
| 科图分类: | ||
| 主题词: | 英语--ying yu--写作--高等学校--水平考试--自学参考资料 | |
| 电子资源: | ||
| ISBN: | 9787313046093 | |
| 000 | 01058nam0 2200253 450 | |
| 001 | 012007468950 | |
| 005 | 20070929102852.06 | |
| 010 | @a9787313046093@dCNY20.00 | |
| 100 | @a20070814d2006 km y0chiy0120 ea | |
| 101 | 0 | @achi@aeng |
| 102 | @aCN@b310000 | |
| 105 | @ay z 000yy | |
| 200 | 1 | @a大学英语六级最新题型应试亮剑@Ada xue ying yu liu ji zui xin ti xing ying shi liang jian@i写作@f黄川总主编@Fhuang chuan zong zhu bian@f黄贵, 王玉芳主编@Fhuang gui,wang yu fang zhu bian |
| 210 | @a上海@c上海交通大学出版社@d2006.12 | |
| 215 | @a194页@d26cm | |
| 330 | @a本书是《大学英语六级最新题型应试亮剑》系列丛书的写作分册。全书共分四大部分,包括英语作文基础理论、六级作文新题型技巧、六级范文精选及附录。附录部分给出了六级作文常用短语、常用动名词和不定式搭配用法。 | |
| 517 | 1 | @a写作@Axie zuo |
| 606 | 0 | @a英语@Aying yu@x写作@x高等学校@x水平考试@j自学参考资料 |
| 690 | @aH310.42@v4 | |
| 701 | 0 | @a黄贵@Ahuang gui@4主编 |
| 701 | 0 | @a王玉芳@Awang yu fang@4主编 |
| 701 | 0 | @a黄川@Ahuang chuan@4总主编 |
| 801 | 0 | @aCN@c20070929 |
| 905 | @dH310.42@eH815 | |
| 大学英语六级最新题型应试亮剑.写作/黄川总主编/黄贵, 王玉芳主编.-上海:上海交通大学出版社,2006.12 |
| 194页;26cm |
| ISBN 9787313046093:CNY20.00 |
| 本书是《大学英语六级最新题型应试亮剑》系列丛书的写作分册。全书共分四大部分,包括英语作文基础理论、六级作文新题型技巧、六级范文精选及附录。附录部分给出了六级作文常用短语、常用动名词和不定式搭配用法。 |
| ● |
| 相关链接 |
|
|
|
正题名:大学英语六级最新题型应试亮剑
索取号:H310.42/H815
 
预约/预借
| 序号 | 登录号 | 条形码 | 馆藏地/架位号 | 状态 | 备注 |
| 1 | 249270 | 202492702 | 语言库209/209语言库 96排3列2层/ [索取号:H310.42/H815] | 在馆 | |
| 2 | 249271 | 202492711 | 语言库209/209语言库 96排3列2层/ [索取号:H310.42/H815] | 在馆 | |
| 3 | 249272 | 202492720 | 语言库209/209语言库 96排3列2层/ [索取号:H310.42/H815] | 在馆 |